000 08520nam a22006497a 4500
005 2010051402202.0
008 100514t xxu||||| |||| 00| 0 hin d
010 _aHIN-89278
020 _c350.00
_a9788126704286
035 _aHN-61624
035 _aB-414399-427
037 _bDBAD / PUB
037 _bराजकमल प्रकाशन/1423/15.07.10/23/02.07.10/26.07.10
040 _aDPL
_bHN
082 _a
100 _aद्विवेदी, हजारीप्रसाद
_919496
245 _aबाणभट्ट की आत्मकथा /
_cहजारीप्रसाद द्विवेदी
246 _aBanbhatt ki Aatmakatha/
_bby Hazari Prasad Dwivedi
250 _a16वां संस्क
260 _aनई दिल्ली
_bराजकमल प्रकाशन
_c2009
270 _a1-बी, नेताजी सुभाष मार्ग
_bनई दिल्ली
_e110002
300 _a292पृ
_c22सेमी (सजिल्द)
_bसचित्र
650 _aहिन्दी कथा साहित्य
_9657
650 _aHindi Fiction
_919497
942 _2ddc
_cHN
_mद्विवेदी
_h
999 _c36069
_d36069